000 00633nam a2200217 a 4500
001 54622
003 BD-RjUL
005 20211209080139.0
008 161108s19611913enk||||| |||| 00| 0 eng d
035 _a(BD-RjUL)54744
040 _aBD-RjUL
_beng
_cBD-RjUL
041 _aeng
082 _223
_a891.73
_bDOI 1961
100 _aDostoevsky, Fyodor
_9162920
245 1 0 _aThe idiot /
_cFyodor dostoevsky
260 _aLondon :
_bWilliam heinemann,
_c1913 [reprint 1961]
300 _a604 p. :
_c17 cm.
650 _aArabic Literature
_xFictions
_9162921
700 _aGarnett, Consrace, Translate
_9162922
942 _2ddc
_cBK
999 _c54622
_d54622